Biggest Cities in Vermont in 1950 - Statistics

General Stats
  • This quiz has been taken 49 times
  • The average score is 8 of 20
Answer Stats
Population County Answer % Correct
33,155 Chittenden Burlington
100%
8,599 Washington Montpelier
92%
17,659 Rutland Rutland
83%
10,922 Washington Barre
64%
8,002 Bennington Bennington
53%
2,741 Chittenden Essex Junction
50%
8,552 Franklin St. Albans
44%
7,370 Caledonia St. Johnsbury
44%
3,614 Addison Middlebury
42%
5,217 Orleans Newport
42%
6,734 Chittenden Winooski
36%
4,940 Windsor Springfield
28%
3,467 Windsor Windsor
25%
2,223 Orange Randolph
19%
2,262 Washington Northfield
17%
3,153 Washington Waterbury
17%
3,881 Windham Bellows Falls
14%
2,275 Franklin Swanton
14%
2,058 Rutland Fair Haven
8%
1,916 Franklin Richford
6%
No matching quizzes found
Score Distribution
Percent of People with Each Score
Percentile by Number Answered
Your Score History
You have not taken this quiz